000 00304nam a22001337a 4500
008 171107b xxu||||| |||| 00| 0 eng d
020 _a9780072504439
041 _aeng
080 _a330.322
100 _a63
101 _aINV
245 _aFUNDAMENTALS OF INVESTMENTS
_cCORRADO,CH.,J
942 _2udc
_cBK
999 _c38143
_d38143